| 000 | 00825nam a2200229 a 4500 | ||
|---|---|---|---|
| 003 | CO-ViMGA | ||
| 005 | 20230915232209.0 | ||
| 008 | 140805s2013 sp a gr 000 0 spa d | ||
| 020 | _a9788426140692 | ||
| 040 |
_aCO-ViMGA _bspa _cCO-ViMGA |
||
| 043 | _af------ | ||
| 082 | 0 | 4 |
_aI923.2 _bN25n _219 |
| 100 | 1 |
_aNelson, Kadir. _92142 |
|
| 245 | 1 | 0 |
_aNelson Mandela / _ctexto e ilustraciones de Kadir Nelson ; traducción de Raquel Solà. |
| 260 |
_aBarcelona : _bEditorial Juventud, _c2013. |
||
| 300 |
_a[36] páginas : _bilustraciones ; _c31 cm. |
||
| 504 | _aIncluye bibliografía. | ||
| 600 | 1 | 4 |
_aMandela, Nelson Rolihlahla, _d1918-2013 _x Literatura infantil. _92143 |
| 650 | 1 | 4 |
_aPresidentes _z Sudáfrica _v Biografías _x Literatura infantil. _92144 |
| 700 | 1 |
_aSolá, Raquel, _etraductora. _92145 |
|
| 942 |
_2ddc _cBK |
||
| 999 |
_c3899 _d3899 |
||